000 00204nam a2200097Ia 4500
008 240331s9999 xx 000 0 und d
082 _bERV
100 _aErvin,C.W
245 0 _aTomorrows is ours
942 _cL
999 _c4555
_d4555